[Event "Festival de Xadrez Americana SP 2007"]
[Site "Sao Paulo BRA"]
[Date "2007.12.11"]
[Round "9.5"]
[White "Rodriguez, Andrés"]
[Black "Tsuboi, Edson"]
[Result "1/2-1/2"]
[WhiteElo "2541"]
[BlackElo "2334"]
[PlyCount "147"]
[EventDate "2007.12.04"]
[EventType "tourn"]
[EventRounds "9"]
[EventCountry "BRA"]
[EventCategory "7"]
[Source "lmi"]
[SourceDate "2007.12.04"]

1. d4 Nf6 2. Bg5 e6 3. e4 h6 4. Bxf6 Qxf6 5. Qd2 d5 6. e5 Qd8 7. f4 c5 8. c3
Nc6 9. Nf3 Qa5 10. a3 cxd4 11. cxd4 Qxd2+ 12. Nbxd2 a5 13. Bd3 Bd7 14. Nb1 g5
15. fxg5 hxg5 16. g4 Rh3 17. Ke2 Rxf3 18. Kxf3 Nxd4+ 19. Kg2 Bg7 20. Nc3 Bxe5
21. Rae1 Nc6 22. Na4 Bd4 23. Bb5 Ke7 24. Rhf1 Ne5 25. Bxd7 Nxd7 26. Rc1 Be5 27.
Rf3 b5 28. Nc3 b4 29. Na4 Rb8 30. Rc6 Rb7 31. Ra6 Bc7 32. h3 Ne5 33. Rb3 Bd6
34. Rxa5 Rc7 35. axb4 Rc2+ 36. Kg1 d4 37. Nc5 d3 38. Ra7+ Ke8 39. Ra8+ Ke7 40.
Ra7+ Kf8 41. Nd7+ Kg8 42. Nxe5 d2 43. Rd3 Bxe5 44. Rad7 Rxb2 45. Rxd2 Rxb4 46.
Kg2 Bf4 47. Ra2 Be5 48. Raa7 Rf4 49. Ra5 Bf6 50. Kg3 Rf1 51. Ra3 Kg7 52. Ra4
Be5+ 53. Kg2 Rf6 54. Ra5 Bf4 55. Rb5 Be3 56. Rb3 Bf4 57. Kf3 Bh2+ 58. Ke2 Bf4
59. Rb5 Kg6 60. Rd8 Kg7 61. Kd3 Bc1 62. Rc8 Bf4 63. Rc2 Rh6 64. Rb3 Rxh3+ 65.
Kc4 Rh4 66. Rg2 Rh8 67. Kd4 Rd8+ 68. Ke4 Rd6 69. Kf3 f5 70. gxf5 exf5 71. Rgb2
Rc6 72. Rb6 Rxb6 73. Rxb6 Be5 74. Re6 1/2-1/2